书目信息 |
| 题名: |
中国考古学
|
|
| 作者: | 张忠培 著 | |
| 分册: | ||
| 出版信息: | 北京 科学出版社 1999 |
|
| 页数: | 315页 | |
| 开本: | 32开 | |
| 丛书名: | ||
| 单 册: | ||
| 中图分类: | K85 | |
| 科图分类: | ||
| 主题词: | 文物--考古 | |
| 电子资源: | ||
| ISBN: | 7-03-007173-5 | |
| 000 | 00642nam0 2200205 45 | |
| 001 | 0106210879 | |
| 005 | 20031219104050.6 | |
| 010 | @a7-03-007173-5@dCNY30.00 | |
| 100 | @a20010621d1999 km y0chiy0120 ea | |
| 101 | 0 | @achi |
| 105 | @a z 000yy | |
| 200 | 1 | @a中国考古学@AZhong Guo Kao Gu Xue@e走近历史真实之道@EZou Jin Li Shi Zhen Shi Zhi Dao@f张忠培著@FZhang Zhong Pei Zhu |
| 210 | @a北京@c科学出版社@d1999 | |
| 215 | @a315页@c彩照@d32开 | |
| 517 | @a走近历史真实之道@AZou Jin Li Shi Zhen Shi Zhi Dao | |
| 606 | 0 | @a文物@x考古 |
| 690 | @aK85@v4 | |
| 701 | @a张忠培@4著 | |
| 801 | @aCN@bTSTC@c20010621 | |
| 905 | @f3@b298735-737@dK85@e15 | |
| 中国考古学:走近历史真实之道/张忠培著.-北京:科学出版社,1999 |
| 315页:彩照;32开 |
| ISBN 7-03-007173-5:CNY30.00 |
| ● |
| 相关链接 |
|
|
|
|
正题名:中国考古学
索取号:K85/15
 
预约/预借
| 序号 | 登录号 | 条形码 | 馆藏地/架位号 | 状态 | 备注 |
| 1 | 0298735 | 202987358 | 第二借阅区/ [索取号:K85/15] | 在馆 | |
| 2 | 0298736 | 202987367 | 第二借阅区/ [索取号:K85/15] | 在馆 | |
| 3 | 0298737 | 202987376 | 第二样本阅览室/ [索取号:K85/15] | 在馆 |